| 000 | 00542nam a2200205Ia 4500 | ||
|---|---|---|---|
| 003 | GCL | ||
| 008 | 140319s9999 xx 000 0 eng d | ||
| 040 |
_aGCL / _cGCL |
||
| 082 | 0 | 4 |
_a492.7 _bE I |
| 100 | 1 | _aEZZAT, ALIG | |
| 245 | 1 | 0 |
_aINTELLIGIBILITY AMONG ARABIC DIALECTS / _cEZZAT, ALIG |
| 260 |
_a[S.N] : _bBEIRUT ARAB UNIVERSITY ، _c1974 |
||
| 300 | _a83 P | ||
| 490 |
_aBEIRUT ARAB UNIVERSITY _v0 |
||
| 650 | 0 | 4 | _aLINGUISTICS |
| 650 | 0 | 4 | _aARABIC LANGUAGE |
| 650 | 0 | 4 | _aMORPHALOGY |
| 650 | 0 | 4 | _aDIALECT, ARABIC |
| 942 |
_2ddc _cBK |
||
| 999 |
_c19695 _d19695 |
||